000 00427nam a2200205Ia 4500
001 084283
003 YMCAF
005 20230512161442.0
008 100717s2002 ||||||||||||||||| ||und|d
024 _a84283
035 _a23743
040 _aYMCAF
_beng
_cIN-KoLT
041 _aeng
082 _a621.433
_bGAN
100 _aGanesan, V
245 0 _aGas turbines
260 _bTMH
_c2002
300 _a607
942 _2ddc
_cBK
999 _c8677
_d8677